| 000 | 00720cab a2200253 4500 | ||
|---|---|---|---|
| 001 | ABS42883 | ||
| 008 | 090401t1990 xxu||||| |||| 00| 0 eng d | ||
| 035 | _a(Sirsi) u39388 | ||
| 041 | _aeng | ||
| 100 | _aSmith, T. | ||
| 245 | _aKeeping your Eurostandards up | ||
| 260 | _c1990 | ||
| 350 | _a0 | ||
| 490 |
_aRoofing _vContractor 39(288) June 1990, 26-27(2) |
||
| 520 | _aGuide to European standards in the lead up to 1992 and shows how one company Eternit is dealing with the changes. | ||
| 650 | _aCE MARK | ||
| 650 | _aCEN | ||
| 650 | _aCONSTRUCTION PRODUCTS DIRECTIVES | ||
| 650 | _aISO STANDARDS | ||
| 650 | _aSINGLE MARKET | ||
| 690 | _aEUROPE-SINGLE MARKET | ||
| 942 | _n0 | ||
| 948 | _c04/03/1997 | ||
| 999 |
_c25288 _d25288 |
||